Head First Servelet's JSP (Record no. 4011)

MARC details
000 -LEADER
fixed length control field 00334nam a2200145Ia 4500
008 - FIXED-LENGTH DATA ELEMENTS--GENERAL INFORMATION
fixed length control field 191201s2009 xx 000 0 und d
082 ## - DEWEY DECIMAL CLASSIFICATION NUMBER
Classification number 005.133
Item number BAH
100 ## - MAIN ENTRY--PERSONAL NAME
Personal name BASHAM, Bryan
245 #0 - TITLE STATEMENT
Title Head First Servelet's JSP
250 ## - EDITION STATEMENT
Edition statement Rep.
260 ## - PUBLICATION, DISTRIBUTION, ETC. (IMPRINT)
Place of publication, distribution, etc N.Delhi
Name of publisher, distributor, etc SPD
Date of publication, distribution, etc 2009
300 ## - PHYSICAL DESCRIPTION
Extent 879
650 ## - SUBJECT ADDED ENTRY--TOPICAL TERM
Topical term or geographic name as entry element B.Tech(IT)
942 ## - ADDED ENTRY ELEMENTS (KOHA)
Source of classification or shelving scheme Dewey Decimal Classification
Koha item type Text Books
Holdings
Withdrawn status Lost status Source of classification or shelving scheme Damaged status Not for loan Collection code Home library Current library Date acquired Source of acquisition Cost, normal purchase price Bill Number Total Checkouts Full call number Acc. no. / Barcode Date last seen Bill Date Koha item type Date last borrowed
    Dewey Decimal Classification     B.Tech(IT) PIET C-LIBRARY PIET C-LIBRARY 20/07/2009 J B C, New Delhi 650.00 SI-1464   005.133 BAH 12836 04/12/2019 11/07/2009 Text Books  
    Dewey Decimal Classification     B.Tech(IT) PIET C-LIBRARY PIET C-LIBRARY 20/07/2009 J B C, New Delhi 650.00 SI-1464 1 005.133 BAH 12837 14/01/2020 11/07/2009 Text Books 30/12/2019
    Dewey Decimal Classification     B.Tech(IT) PIET C-LIBRARY PIET C-LIBRARY 20/07/2009 J B C, New Delhi 650.00 SI-1464 1 005.133 BAH 12838 27/02/2023 11/07/2009 Text Books 14/02/2023
    Dewey Decimal Classification     B.Tech(IT) PIET C-LIBRARY PIET C-LIBRARY 20/07/2009 J B C, New Delhi 650.00 SI-1464   005.133 BAH 12839 04/12/2019 11/07/2009 Text Books  
    Dewey Decimal Classification     B.Tech(IT) PIET C-LIBRARY PIET C-LIBRARY 20/07/2009 J B C, New Delhi 650.00 SI-1464   005.133 BAH 12840 04/12/2019 11/07/2009 Text Books  

Design & Developed by: PIET Central Library
R70 Miles Stone Pattikalyana Samalkha Panipat 132102
mail ID :- [email protected], Phone No:- 0180-2569700 Ex.216